Checklist of library building design considerations(E-BOOK) (Record no. 193073)

000 -LEADER
fixed length control field 01219 a2200217 4500
003 - CONTROL NUMBER IDENTIFIER
control field Nust
005 - DATE AND TIME OF LATEST TRANSACTION
control field 20170207154050.0
010 ## - LIBRARY OF CONGRESS CONTROL NUMBER
LC control number 2008030265
020 ## - INTERNATIONAL STANDARD BOOK NUMBER
International Standard Book Number 9780838909782 (alk. paper)
040 ## - CATALOGING SOURCE
Transcribing agency Nust
082 00 - DEWEY DECIMAL CLASSIFICATION NUMBER
Classification number 727/.8
100 1# - MAIN ENTRY--PERSONAL NAME
Personal name Sannwald, William W.
245 10 - TITLE STATEMENT
Title Checklist of library building design considerations(E-BOOK)
Statement of responsibility, etc. William W. Sannwald.
250 ## - EDITION STATEMENT
Edition statement 5th ed.
260 ## - PUBLICATION, DISTRIBUTION, ETC.
Place of publication, distribution, etc. Chicago :
Name of publisher, distributor, etc. American Library Association,
Date of publication, distribution, etc. 2009.
300 ## - PHYSICAL DESCRIPTION
Extent viii, 211 p. ;
Dimensions 28 cm.
505 0# - FORMATTED CONTENTS NOTE
Formatted contents note Building planning and architecture -- Library site selection -- Sustainable design -- General exterior considerations -- Interior organization of library buildings -- Compliance with ADA accessibility guidelines -- Telecommunications, electrical, and miscellaneous equipment -- Interior design and finishes -- Materials handling and storage : book stacks and shelving -- Building systems -- Safety and security -- Maintenance of library buildings and property -- Building occupancy and post-occupancy evaluation -- Groundbreaking and dedication ceremonies.
650 #0 - SUBJECT ADDED ENTRY--TOPICAL TERM
Topical term or geographic name entry element Library architecture
Geographic subdivision United States.
651 ## - SUBJECT ADDED ENTRY--GEOGRAPHIC NAME
Geographic name E-BOOK
856 41 - ELECTRONIC LOCATION AND ACCESS
Materials specified Table of contents only
Uniform Resource Identifier <a href="http://www.loc.gov/catdir/toc/ecip0823/2008030265.html">http://www.loc.gov/catdir/toc/ecip0823/2008030265.html</a>
942 ## - ADDED ENTRY ELEMENTS (KOHA)
Source of classification or shelving scheme
Koha item type Book
Holdings
Withdrawn status Lost status Source of classification or shelving scheme Damaged status Not for loan Collection code Permanent Location Current Location Date acquired Total Checkouts Full call number Barcode Date last seen Price effective from Koha item type
            Military College of Signals (MCS) Military College of Signals (MCS) 12/12/2016   727/.8 SAN MCSEB-2848 12/08/2016 12/12/2016 Book
© 2023 Central Library, National University of Sciences and Technology. All Rights Reserved.